Most Populous Municipalities In The Netherlands Per Province - Statistics

General Stats
  • This quiz has been taken 18 times
  • The average score is 11 of 12
Answer Stats
Population Province Municipality % Correct
905,234 Noord-Holland Amsterdam
100%
656,050 Zuid-Holland Rotterdam
100%
218,096 Flevoland Almere
94%
238,478 Noord-Brabant Eindhoven
94%
234,649 Groningen Groningen
94%
125,542 Friesland Leeuwarden
94%
120,837 Limburg Maastricht
94%
179,073 Gelderland Nijmegen
94%
361,924 Utrecht Utrecht
94%
160,383 Overijssel Enschede
89%
107,902 Drenthe Emmen
78%
54,555 Zeeland Terneuzen
61%
No matching quizzes found
Score Distribution
Percent of People with Each Score
Percentile by Number Answered
Your Score History
You have not taken this quiz